Welche Serie ist das? #1 Bilderrätsel - Statistiken

Allgemein
  • Dieses Quiz wurde 102 mal gespielt
  • Das Durchschnittsergebnis liegt bei 5 aus 16
Antwortstatistiken
Bildquiz Antwort % Korrekt
Breaking Bad
70%
Vampire diaries
66%
Brooklyn Nine Nine
64%
King of Queens
54%
sons of anarchy
49%
CSI Miami
42%
Columbo
38%
Die Camper
27%
A-Team
23%
Fargo
20%
Die Ringe der Macht
19%
Immer wieder Jim
19%
Jack Reacher
16%
Dr. House
15%
Eine himmlische familie
11%
Revenge
4%
Keine übereinstimmenden Quizze gefunden
Verteilung der Resultate
Anzahl Personen mit jedem Resultat
Perzentil nach korrekt beantworteten Fragen
Ihre Resultats-Entwicklung
Sie haben dieses Quiz noch nicht gespielt